LDR 00755naa#a2200193#i#450# 001 EN\\bibl\120660 005 20260705225000.7 011 ## _a2686-9896 100 ## _a20260515b2026####ek#y0engy0150####ca 102 ## _aRU 200 1# _aINFLUENCE OF MOLECULAR STRUCTURE ON THE PROTOLYTIC ABILITY OF ALIPHATIC DIAMINES: A QUANTUM CHEMICAL APPROACH _eJournal article 210 1# _aAngarsk _cFederal State Funded Educational Establishment of Higher Education «Angarsk State Technical University» _d2026 215 ## _a1 с. 608 ## _aJournal article _2local 675 ## _a(Теоретическая химия). 541 _z 700 #1 _aAgarkova _gSofia Nikolaevna 700 #1 _aBeznosyuk _gSergey Aleksandrovich 700 #1 _aNikolskiy _gSergey Nikolaevich 856 4# _aangtu.editorum.ru _u